000 00599nam a2200229Ia 4500
003 OSt
005 20221005121522.0
006 a|||||r|||| 00| 0
007 ta
008 221004b |||||||| |||| 00| 0 urd d
024 _a15169
037 _cTextual
040 _aCRL
_cCRL
_burd
041 _2urd
_aurd
082 _aO164,1G08x:g, 168K6
100 _aAbdurrehman Shahabuddin
_9630713
245 0 _aHindustan
260 _c1966
650 _aPERSIAN LITERATURE
_9309
942 _hO164,1G08x:g, 168K6
_cTEXL
_2cc
999 _c1041357
_d1041357